| 000 | 00468nam a2200205Ia 4500 | ||
|---|---|---|---|
| 001 | 11587 | ||
| 003 | GE_BSU | ||
| 008 | 181216s||||||||xx |||||||||||||| ||und|| | ||
| 020 | _a9780006168225 | ||
| 040 | _cGE_BSU | ||
| 080 | _a821.111-31 | ||
| 100 | _aHolt,Victoria. | ||
| 245 | _aLord of the far island. | ||
| 260 | _aGreat Britain. | ||
| 260 | _bFontana/Collins. | ||
| 260 | _c1983. | ||
| 300 | _a254p;18cm. | ||
| 653 | _aLord of the far island. | ||
| 942 | _cBK | ||
| 999 |
_c44782 _d44782 |
||